000 00436nam a2200145 i 4500
001 bgj
100 1 _aBRADFORD, Barbara
245 0 _aIntonation in context :
_bintonation practice for upper-intermediate and advanced learners of English : student's book /
_cBarbara Bradford.
250 _a[4th print.].
260 _aCambridge,
_c1992.
040 _cBPK
041 _aeng
942 _cKS
008 s uk f |000 0 eng
999 _c47966
_d47966